|
|
|
|
| LEADER |
01067nam a2200265 a 4500 |
| 001 |
863336 |
| 008 |
091124s1980 cau b 001 0 eng d |
| 010 |
|
|
|a 79002455
|
| 020 |
|
|
|a 0817970924
|
| 040 |
|
|
|a DLC
|c DLC
|d DLC
|
| 082 |
0 |
0 |
|a 338.959
|2 18
|
| 100 |
1 |
|
|a Wu, Yuan-li.
|
| 245 |
1 |
0 |
|a Economic development in Southeast Asia :
|b the Chinese dimension /
|c Yuan-li Wu, Chun-hsi Wu.
|
| 260 |
|
|
|a Stanford, Calif. :
|b Hoover Institution Press,
|c c1980.
|
| 300 |
|
|
|a xiii, 219 p. ;
|c 23 cm.
|
| 490 |
1 |
|
|a Hoover Institution publication ; 209
|
| 504 |
|
|
|a Includes bibliographical references and index.
|
| 541 |
1 |
|
|e 00000105
|
| 651 |
|
0 |
|a Southeast Asia
|x Economic conditions.
|
| 650 |
|
0 |
|a Chinese
|z Southeast Asia
|x Economic conditions.
|
| 700 |
1 |
|
|a Wu, Chun-hsi,
|d 1914-
|e joint author.
|
| 830 |
|
0 |
|a Hoover Institution publication ;
|v 209.
|
| 852 |
4 |
|
|a Ayesha Abed Library
|j General Shelf
|
| 999 |
|
|
|c 5881
|d 5881
|
| 952 |
|
|
|0 0
|1 0
|2 ddc
|4 0
|6 338_959000000000000_WUY_1980
|7 0
|9 5865
|a BRACUL
|b BRACUL
|c GEN
|d 2009-12-06
|g 423.00
|l 0
|o 338.959 WUY
|p 3010000105
|r 2009-12-06
|t 1
|w 2009-12-06
|y BK
|